New Worlds: An Introduction to College Reading (Record no. 2155)

MARC details
005 - DATE AND TIME OF LATEST TRANSACTION
control field 20250516072756.0
020 ## - INTERNATIONAL STANDARD BOOK NUMBER
International Standard Book Number 978-0-07-351346-1
082 ## - DEWEY DECIMAL CLASSIFICATION NUMBER
Classification number LECT 428.407 COR
100 ## - MAIN ENTRY--PERSONAL NAME
Author name CORTINA, J.
245 ## - TITLE STATEMENT
Title New Worlds: An Introduction to College Reading
250 ## - EDITION STATEMENT
Edition statement 3rd Ed.
260 ## - PUBLICATION, DISTRIBUTION, ETC.
Place of publication, distribution, etc. Boston,
Name of publisher, distributor, etc. Mcgraw-Hill,
Date of publication, distribution, etc. 2008.
300 ## - PHYSICAL DESCRIPTION
Extent xxvi, 661p.: ill.; figure, map, picture, table.
Other physical details Index.
Dimensions 23cm.
700 ## - ADDED ENTRY--PERSONAL NAME
Other authors/Editors ELDER, J.
856 ## - ELECTRONIC LOCATION AND ACCESS
Link text Access Online Book
Electronic name New Worlds: An Introduction to College Reading
Path www.mhhe.com
942 ## - ADDED ENTRY ELEMENTS (KOHA)
Source of classification or shelving scheme Dewey Decimal Classification
Koha item type Books
Holdings
Date last seen Total checkouts Full call number Barcode Cost, replacement price Price effective from Koha item type Lost status Source of classification or shelving scheme Damaged status Not for loan Withdrawn status Home library Current library Shelving location Date acquired Cost, normal purchase price
05/08/2025   LECT 428.407 COR 0000008371 90000.00 05/08/2025 Books   Dewey Decimal Classification       College of Business Education Main Library College of Business Education Main Library General Collection 07/16/2012 30000.00
05/08/2025   LECT 428.407 COR 0000008372 90000.00 05/08/2025 Books   Dewey Decimal Classification       College of Business Education Main Library College of Business Education Main Library General Collection 07/16/2012 30000.00
05/08/2025   LECT 428.407 COR 0000008373 90000.00 05/08/2025 Books   Dewey Decimal Classification       College of Business Education Main Library College of Business Education Main Library General Collection 07/16/2012 30000.00
05/08/2025   LECT 428.407 COR 0000008374 90000.00 05/08/2025 Books   Dewey Decimal Classification       College of Business Education Main Library College of Business Education Main Library General Collection 07/16/2012 30000.00
05/08/2025   LECT 428.407 COR 0000008375 90000.00 05/08/2025 Books   Dewey Decimal Classification       College of Business Education Main Library College of Business Education Main Library General Collection 07/16/2012 30000.00